El pensamiento medieval /

La totalidad de las actividades del hombre son expresadas en este video por "el pensamiento moderno", "el pensamiento griego" y "el pensamiento medieval". Es una yuxtaposición de imágenes.

Guardado en:
Autor Corporativo: Videopedia Britannica.
Formato: Deslizar
Materias:
Etiquetas: Agregar Etiqueta
Sin Etiquetas, Sea el primero en etiquetar este registro!
LEADER 00986ngm a22002655g 4500
001 CEM.cems021605
008 130507b199?##################0###0#####d
005 20240829181050.0
245 1 0 |a El pensamiento medieval /  |c Videopedia Britannica 
300 |a 26 
500 |a En soporte VHS, consultar en ventanilla. 
520 |a La totalidad de las actividades del hombre son expresadas en este video por "el pensamiento moderno", "el pensamiento griego" y "el pensamiento medieval". Es una yuxtaposición de imágenes. 
538 |a Soporte: VHS - Norma: Pal N - Color - Compra CEMS - Hitachi=1455 
110 2 |a Videopedia Britannica. 
082 9 4 |. 18/VID 
653 |a HISTORIA MEDIEVAL 
653 |a ARTE 
653 |a FILOSOFIA MEDIEVAL 
653 |a EDAD MEDIA 
653 |a HISTORIA 
653 |a EUROPA-HISTORIA 
653 |a EUROPA 
653 |a PENSAMIENTO MEDIEVAL 
653 |a NIVEL SECUNDARIO 
859 |a CEMS  |b BIB. CEMS - Depto. Recursos Didacticos  |h 940.18  |i VID  |k DRD  |p 248.12  |t Ej.1